000 00671nam a2200193Ia 4500
003 OSt
005 20250305105827.0
008 210210b2003 xxu||||| |||| 00| 0 eng d
040 _cAL
041 _aKannada
082 _aK894.9 UMAK
100 _aUMANATHA SHENAI (Y)
_dಉಮಾನಾಥ ಶೆಣೈ(ವೈ)
_9204078
245 _aKannada Sahityakke Moodubidire Lekhakara Koduge.
_bಕನ್ನಡ ಸಾಹಿತ್ಯಕ್ಕೆ ಮೂಡುಬಿದಿರೆ ಲೇಖಕರ ಕೊಡುಗೆ
260 _aBengaluru
_bKannada Sahithya Parishattu.,
_c2003
300 _a117,viii
690 _aKannada Criticism
_9204079
906 _aSG04120
942 _2ddc
_cSG
999 _c114672
_d114672